Govt. of
Madhya Pradesh

Normal view MARC view

Entry Personal Name

Number of records used in: 1

001 - CONTROL NUMBER

  • control field: 19764

003 - CONTROL NUMBER IDENTIFIER

  • control field: OSt

005 - DATE AND TIME OF LATEST TRANSACTION

  • control field: 20151208131804.0

008 - FIXED-LENGTH DATA ELEMENTS

  • fixed length control field: 151208|| aca||aabn | a|a d

040 ## - CATALOGING SOURCE

  • Original cataloging agency: OSt
  • Transcribing agency: OSt

100 ## - HEADING--PERSONAL NAME

  • Personal name: मनिका वर्मा

670 ## - SOURCE DATA FOUND

  • Source citation: Work cat.: (OSt)46644: मनिका वर्मा, बूझो तो जाने ( पहेलियां), 2011